MASTERING FRANEWORK III (Record no. 570450)
[ view plain ]
| 000 -LEADER | |
|---|---|
| fixed length control field | 00305nam a22001217a 4500 |
| 020 ## - INTERNATIONAL STANDARD BOOK NUMBER | |
| International Standard Book Number | 981-3091-67-3 |
| 082 ## - DEWEY DECIMAL CLASSIFICATION NUMBER | |
| Classification number | 005.3 HER'M |
| 100 ## - MAIN ENTRY--PERSONAL NAME | |
| Personal name | HERGERT, DOUGLAS ,KAMIN, JONATHONKAMIN, |
| 9 (RLIN) | 60821 |
| 245 ## - TITLE STATEMENT | |
| Title | MASTERING FRANEWORK III |
| 260 ## - PUBLICATION, DISTRIBUTION, ETC. | |
| Place of publication, distribution, etc. | USA |
| Name of publisher, distributor, etc. | TECH PUBLICATIONS |
| Date of publication, distribution, etc. | 1985 |
| 300 ## - PHYSICAL DESCRIPTION | |
| Extent | 613P |
| 942 ## - ADDED ENTRY ELEMENTS (KOHA) | |
| Koha item type | Book |
| Withdrawn status | Lost status | Damaged status | Not for loan | Permanent Location | Current Location | Shelving location | Date acquired | Total Checkouts | Full call number | Barcode | Date last seen | Price effective from | Koha item type |
|---|---|---|---|---|---|---|---|---|---|---|---|---|---|
| College of Electrical & Mechanical Engineering (CEME) | College of Electrical & Mechanical Engineering (CEME) | General Stacks | 07/20/2017 | 005.3 HER'M | CEME-25340 | 06/28/2021 | 06/28/2021 | Book |
